| 000 | 00531nam a2200145 a 4500 | ||
|---|---|---|---|
| 008 | 120416s1988 ||||||||||||||||| || u | ||
| 050 | _aBF 295 Sch | ||
| 100 | _aSchmidt, Richard A | ||
| 245 | 1 | 0 | _aMotor control and learning: a behavioural emphasis |
| 250 | _a2nd ed. | ||
| 260 |
_aIllinois: _bHuman Kinetics Publisher _c1988 |
||
| 300 | _axi, 578p. : ill | ||
| 350 | _a0.00 | ||
| 995 |
_D0.00 _FCBU-MAIN LIBRARY (Kitwe) _H1 _I20.00 _UAVAILABLE _ZMain Library Open Access Collection |
||
| 999 |
_c51725 _d51725 |
||